| 000 | 00579nam a2200169 4500 | ||
|---|---|---|---|
| 001 | 111305 | ||
| 003 | ES-MaACL | ||
| 005 | 20230906185259.0 | ||
| 007 | t| | ||
| 008 | 061121s1940 sp r ||||1| spa d | ||
| 100 | 1 |
_aNájera Angulo, Luis. _984870 |
|
| 245 | 1 | 0 |
_aContribución a la historia y la etiopatogenia de la gangosa o rinofaringitis mutilante / _cpor Luis Nájera Angulo. |
| 260 |
_aMadrid : _b[s.n.], _c1940. |
||
| 300 |
_a3 h. ; _c31 cm. |
||
| 500 | _aSeparata de la Revista ` Semana meica española` Nº 84 , p. 1275-78. | ||
| 852 |
_aES-MaACL _j1846-F-39 _bR.20322 |
||
| 999 |
_c111305 _d111305 |
||